000 00680nam a2200265Ia 4500
005 20260121170828.0
008 008 260114s9999 xx 000 0 eng d
020 _a9783319985541
037 _aEBOOK
040 _aCRL
040 _beng
040 _cCRL
041 _2eng
041 _aeng
084 _qCRL
100 _aJean-Marc Lévêque, Giancarlo Cravotto, François Delattre, Pedro Cintas
_91068675
245 0 _aOrganic Sonochemistry
260 _bSpringer
260 _bSpringer
260 _c2018
856 _uhttps://link.springer.com/openurl?genre=book&isbn=978-3-319-98554-1
942 _cEBOOK
999 _c1634405
_d1634405